SURVEY RESEARCH IN CORPORATE FINANCE BRI (Record no. 18983)

MARC details
000 -LEADER
fixed length control field 00367nam a2200133Ia 4500
008 - FIXED-LENGTH DATA ELEMENTS--GENERAL INFORMATION
fixed length control field 240624s9999 xx 000 0 und d
041 ## - LANGUAGE CODE
Language code of text/sound track or separate title eng
082 ## - DEWEY DECIMAL CLASSIFICATION NUMBER
Classification number 658.15224 BAK
100 ## - MAIN ENTRY--PERSONAL NAME
Personal name BAKER H KENT
245 ## - TITLE STATEMENT
Title SURVEY RESEARCH IN CORPORATE FINANCE BRI
260 ## - PUBLICATION, DISTRIBUTION, ETC.
Date of publication, distribution, etc. 2011
Place of publication, distribution, etc. New Delhi
Name of publisher, distributor, etc. Oxford University Press
300 ## - PHYSICAL DESCRIPTION
Extent vii, : 451 : p. : cm. ; 24
365 ## - TRADE PRICE
Currency code RS
Price amount 32
Holdings
Withdrawn status Lost status Damaged status Not for loan Home library Current library Shelving location Date acquired Source of acquisition Cost, normal purchase price Full call number Barcode Date last seen Copy number Price effective from Koha item type
        IMTN IMTN Rack 25-A 05/03/2012 IBH 1865.00 658.15224 BAK 18983 06/24/2024 1 06/24/2024 Books
Designed & Maintained by: LRC IMT Nagpur Contact: lrc@imtnag.ac.in© 2024. All Rights Reserved.